000
00410nam a2200133Ia 4500
008
100328s9999 xx 000 0 und d
082
_b
17418
100
_a
चोपडा सुदर्शन
245
_a
हत्यारे प्रेमी
260
_b
चौारी
630
_a
हत्यारे प्रेमी
730
_a
हत्यारे प्रेमी
942
_c
BOOK
999
_c
511994
_d
511991